Innovation and current practice in large UK quantity surveying firms (Record no. 103370)
[ view plain ]
| 000 -LEADER | |
|---|---|
| fixed length control field | 01228cam a2200253 4500 |
| 001 - CONTROL NUMBER | |
| control field | L125346 |
| 008 - FIXED-LENGTH DATA ELEMENTS--GENERAL INFORMATION | |
| fixed length control field | 040305n2004 000 0 eng u |
| 020 ## - INTERNATIONAL STANDARD BOOK NUMBER | |
| International Standard Book Number | 1842191853 |
| Canceled/invalid ISBN | 1842191831 (wrongly printed) |
| 035 ## - SYSTEM CONTROL NUMBER | |
| System control number | (Sirsi) u125346 |
| 041 0# - LANGUAGE CODE | |
| Language code of text/sound track or separate title | eng |
| 050 04 - LIBRARY OF CONGRESS CALL NUMBER | |
| Classification number | 658.91 $2 18 |
| 100 1# - MAIN ENTRY--PERSONAL NAME | |
| Personal name | Page, Mark |
| 245 00 - TITLE STATEMENT | |
| Title | Innovation and current practice in large UK quantity surveying firms |
| 260 ## - PUBLICATION, DISTRIBUTION, ETC. | |
| Place of publication, distribution, etc. | London |
| Name of publisher, distributor, etc. | RICS Foundation |
| Date of publication, distribution, etc. | 2004 |
| 490 #0 - SERIES STATEMENT | |
| Series statement | RICS Foundation Research Papers |
| Volume/sequential designation | 4(26) |
| 520 ## - SUMMARY, ETC. | |
| Summary, etc. | Develops a model of innovation for classifying types of innovation among professional service firms. This framework is then used to gather evidence of innovation among the largest UK quantity surveying firms. Evidence of substantial innovation is presented in relation to service products, process of service delivery, markets, organisational structure, and resources deployed. References. |
| 651 #4 - SUBJECT ADDED ENTRY--GEOGRAPHIC NAME | |
| Geographic name | United Kingdom |
| Chronological subdivision | |
| 690 ## - LOCAL SUBJECT ADDED ENTRY--TOPICAL TERM (OCLC, RLIN) | |
| Topical term or geographic name as entry element | Quantity surveying |
| 9 (RLIN) | 6263 |
| 700 1# - ADDED ENTRY--PERSONAL NAME | |
| Personal name | Pearson, Stephen |
| 700 1# - ADDED ENTRY--PERSONAL NAME | |
| Personal name | Pryke, Stephen D. |
| 710 2# - ADDED ENTRY--CORPORATE NAME | |
| Corporate name or jurisdiction name as entry element | Royal Institution of Chartered Surveyors |
| Subordinate unit | Foundation |
| 9 (RLIN) | 4173 |
| 856 48 - ELECTRONIC LOCATION AND ACCESS | |
| Uniform Resource Identifier | <a href="https://www.rics.org/site/scripts/download_info.aspx?downloadID=2627">https://www.rics.org/site/scripts/download_info.aspx?downloadID=2627</a> |
| Public note | View on RICS website |
| 942 ## - ADDED ENTRY ELEMENTS (KOHA) | |
| Suppress in OPAC | 0 |
| Withdrawn status | Lost status | Source of classification or shelving scheme | Damaged status | Not for loan | Home library | Current library | Shelving location | Date acquired | Total Checkouts | Full call number | Barcode | Date last seen | Copy number | Price effective from | Koha item type |
|---|---|---|---|---|---|---|---|---|---|---|---|---|---|---|---|
| Dewey Decimal Classification | Virtual | Virtual | Online | 10/05/2004 | ONLINE PUBLICATION | 125346-2001 | 06/08/2019 | 1 | 06/08/2019 | Book |